000 004880000a22001930004500
001 002128
003 MACL
005 20150910135300.0
008 150910b xxu||||| |||| 00| 0 eng d
040 _aMACL
_cMACL
041 _aEnglish
082 _a821/NAR
100 _aNarula, S.C
_99865
245 _aA Light Within
_bSelected Poems Of Harbhajan Singh
_cS.C Narula
260 _aNew Delhi
_c1998
_bSahtitya Akademi,
350 _a65
650 _aPoetry
_99866
942 _k821
_cBK
_2ddc
999 _c14044
_d14044